000 00828nam a2200277 a 4500
003 PILC
005 20150507142529.0
008 040609s19uu xx 00 eng d
020 _a9812590943
050 _aRM 301
_b.K44 2003
100 _aKee, Joyce LeFever.
245 _aPharmacology:
_ba nursing process approach. /
_cJoyce LeFever Kee, Evelyn R. Hayes.
250 _a4th ed.
260 _aPhiladelphia :
_bSaunders,
_c2003.
300 _axxv, 917 pages :
_billustrations ;
_c26 cm.
500 _aIncludes appendix, bibliographical reference and index.
650 _aPharmacology
_xNurse's Instruction.
650 _aDrug Theraphy
_xNurse's Instruction.
700 _aHayes, Evelyn.
942 _cBK
_2lcc
999 _c283891
_d283891